000 00564nam a22002057a 4500
003 OSt
005 20220117023933.0
008 170213b xxu||||| |||| 00| 0 eng d
020 _a9780070780514
040 _aMMU
_beng
_cMMU
_dMMU
050 _aHD30.2 .B34 2007
100 _aPaige, Baltzan
245 _aBusiness driven infomation systems /
_cBaltzan ,Paige
250 _a1st Canadian ed.
260 _aToronto :
_bMcGraw Hill,
_c2007
300 _a433 p.:
_bill.;
500 _aIncludes index.
650 _aIndustrial management
942 _2lcc
_cLOAN LOAN
999 _c22748
_d22748